<?xml version="1.0" encoding="UTF-8"?><?xml-stylesheet type="text/xsl" href="static/style.xsl"?><OAI-PMH xmlns="http://www.openarchives.org/OAI/2.0/" xmlns:xsi="http://www.w3.org/2001/XMLSchema-instance" xsi:schemaLocation="http://www.openarchives.org/OAI/2.0/ http://www.openarchives.org/OAI/2.0/OAI-PMH.xsd"><responseDate>2026-06-01T17:14:20Z</responseDate><request verb="GetRecord" identifier="oai:riuma.uma.es:10630/28174" metadataPrefix="marc">https://riuma.uma.es/rest/oai/request</request><GetRecord><record><header><identifier>oai:riuma.uma.es:10630/28174</identifier><datestamp>2026-02-03T10:25:43Z</datestamp><setSpec>com_10630_1685</setSpec><setSpec>col_10630_38055</setSpec></header><metadata><record xmlns="http://www.loc.gov/MARC21/slim" xmlns:dcterms="http://purl.org/dc/terms/" xmlns:doc="http://www.lyncode.com/xoai" xmlns:xsi="http://www.w3.org/2001/XMLSchema-instance" xsi:schemaLocation="http://www.loc.gov/MARC21/slim http://www.loc.gov/standards/marcxml/schema/MARC21slim.xsd">
   <leader>00925njm 22002777a 4500</leader>
   <datafield ind2=" " ind1=" " tag="042">
      <subfield code="a">dc</subfield>
   </datafield>
   <datafield ind2=" " ind1=" " tag="720">
      <subfield code="a">Mayo Valbuena, Adrián</subfield>
      <subfield code="e">author</subfield>
   </datafield>
   <datafield ind2=" " ind1=" " tag="260">
      <subfield code="c">2023</subfield>
   </datafield>
   <datafield ind2=" " ind1=" " tag="520">
      <subfield code="a">El objetivo del presente estudio es estudiar cómo influyen tanto la intolerancia a la incertidumbre como la satisfacción con el apoyo social en el miedo a la recurrencia y la calidad de vida de los pacientes con cáncer. Se obtiene una muestra de 96 pacientes, 84 mujeres (88,4%) y 11 hombres (11,6%), con una media de edad de 46,23 (DT=12,69). Resultados: La intolerancia a la incertidumbre se muestra como una variable predictora de la calidad de vida y el miedo a la recurrencia, apoyando los modelos teóricos recientes. Además, se reafirman las asociaciones entre el apoyo social y la calidad de vida en los pacientes oncológicos, mostrando diferencias entre las fuentes de apoyo y el tipo de apoyo social. También se observa una mejor calidad de vida en pacientes sometidos a hormonoterapia, y se muestra una peor calidad de vida en los pacientes tratados con radioterapia y cirugía. Conclusión: La intolerancia a la incertidumbre es una variable muy importante en el paciente oncológico. Los resultados indican que trabajar sobre la intolerancia a la incertidumbre puede mejorar la calidad de vida de los pacientes. Además, se muestra la importancia del apoyo social tanto en los síntomas como en el funcionamiento de los pacientes.</subfield>
   </datafield>
   <datafield ind1="8" ind2=" " tag="024">
      <subfield code="a">https://hdl.handle.net/10630/28174</subfield>
   </datafield>
   <datafield tag="653" ind2=" " ind1=" ">
      <subfield code="a">Incertidumbre</subfield>
   </datafield>
   <datafield tag="653" ind2=" " ind1=" ">
      <subfield code="a">Calidad de vida</subfield>
   </datafield>
   <datafield tag="653" ind2=" " ind1=" ">
      <subfield code="a">Oncología - Aspectos psicológicos</subfield>
   </datafield>
   <datafield tag="653" ind2=" " ind1=" ">
      <subfield code="a">Enfermos de cáncer - Protección, asistencia, etc.</subfield>
   </datafield>
   <datafield tag="653" ind2=" " ind1=" ">
      <subfield code="a">Grado en Psicología - Trabajos Fin de Grado</subfield>
   </datafield>
   <datafield ind2="0" ind1="0" tag="245">
      <subfield code="a">Relación entre el apoyo social y la intolerancia a la incertidumbre con la calidad de vida y el miedo a la recurrencia en pacientes de cáncer.</subfield>
   </datafield>
</record>
</metadata></record></GetRecord></OAI-PMH>